01109nam a2200193Ia 4500001001100000003001000011008004100021040002500062041001300087100002100100245003300121250001100154260008300165300001200248500026000260501011400520520026000634650002100894L261-18341IT-CnALBA170116s9999||||xx |||||||||||||| ||und|| aIT-CnALBAcIT-CnALBA aITALIANO aMARITAIN JACQUES 0aIL CONTADINO DELLA GARONNA.  a1a ed. a BRESCIAbMORCELLIANA EDITRICE c1969 [1° Ed.:1969 - Ed.Ling.Originale: 1969] a414 p.  aDONO DI D. MANFREDI SSP. TRADUZIONE DAL FRANCESE DI TIBILETTI B. PREGHIERA DI RINGRAZIAMENTO. NOSTRO STRANO TEMPO. CORRENTI DI DESTRA E DI SINISTRA. ASPETTI CONTRASTANTI DEL MONDO. FINE DEL MONDO. EQUIVOCO. INIMICIZIA TRA GLI UOMINI MEMBRI DI CRISTO. LIBE aSocietà San Paolo EM - Piazza San Paolo, 14 - 12051 ALBA (CN) (non commercial uses only) ® Copyright 2017 aDONO DI D. MANFREDI SSP. TRADUZIONE DAL FRANCESE DI TIBILETTI B. PREGHIERA DI RINGRAZIAMENTO. NOSTRO STRANO TEMPO. CORRENTI DI DESTRA E DI SINISTRA. ASPETTI CONTRASTANTI DEL MONDO. FINE DEL MONDO. EQUIVOCO. INIMICIZIA TRA GLI UOMINI MEMBRI DI CRISTO. LIBE aTEOLOGIA SOCIALE